Pays qui produisent le plus de cacao - Statistiques

Statistiques générales
  • Ce quiz a été pris 22 287 fois
    15 412 depuis la dernière actualisation
  • Le résultat moyen est 7 sur 15
Statistiques - réponses
Tonnes Pays % Correct
269 731 Brésil
94%
63 416 Colombie
81%
160 289 Pérou
68%
29 429 Mexique
66%
327 903 Équateur
56%
2 200 000 Côte d'Ivoire
52%
26 000 Inde
51%
340 163 Nigeria
46%
739 483 Indonésie
44%
290 000 Cameroun
42%
800 000 Ghana
41%
193 156 Sierra Leone
18%
35 000 Ouganda
14%
38 000 Papouasie-Nouvelle-Guinée
13%
77 681 République Dominicaine
11%
Aucun quiz correspondant
Distribution des résultats
% des personnes avec chaque résultat
Percentile par nombre de réponses
Votre historique - résultats
Vous n’avez pas pris ce quiz depuis la dernière actualisation